Fifa World Cup: Top 4, Topscorer, Location and Score of Final - Statistics

General Stats
  • This quiz has been taken 501 times
  • The average score is 112 of 140
Answer Stats
ANSWER % Correct
Brazil
99%
Argentina
98%
West Germany
98%
Germany
97%
Italy
97%
Uruguay
97%
France
96%
Spain
96%
England
94%
Netherlands
94%
Portugal
89%
1-0
88%
Sweden
88%
0-0 (3-2 after pen.)
85%
2-1
85%
Rio de Janeiro
85%
United States
85%
1-1 (5-3 after pen.)
84%
2-0
84%
3-0
83%
3-2
83%
Ronaldo (8)
83%
South Korea
83%
3-1
82%
Rome
82%
4-2
81%
Mexico City
81%
Müller, Villa, Sneijder, Forlán (5)
81%
Hungary
80%
Paris
80%
Saint-Denis (Paris)
80%
4-1
79%
Berlin
79%
Turkey
79%
Soviet Union
78%
London
77%
Belgium
76%
Müller (10)
76%
Yugoslavia
76%
Chile
75%
Croatia
75%
Czechoslovakia
74%
Poland
73%
5-2
72%
Klose (5)
71%
Johannesburg
70%
Madrid
70%
Austria
69%
Buenos Aires
69%
Montevideo
69%
Yokohama
69%
Bulgaria
67%
Pasadena (Los Angeles)
63%
Munich
61%
Solna
58%
Santiago
54%
Bern
53%
Rodríguez (6)
51%
Rossi (6)
45%
Fontaine (13)
44%
Garrincha, Vavá, Sánchez, Albert, Ivanov, Jerković (4)
40%
Šuker (6)
39%
Kempes (6)
36%
Lineker (6)
36%
Eusébio (9)
35%
Stoichkov, Salenko (6)
34%
Schillaci (6)
22%
Lato (7)
21%
Kocsis (11)
19%
Stábile (8)
17%
Leônidas (7)
15%
Ademir (8)
12%
Nejedlý (5)
9%
No matching quizzes found
Score Distribution
Percent of People with Each Score
Percentile by Number Answered
Your Score History
You have not taken this quiz